Európa varuje fajčiarov.

Európska smernica o výrobe, prezentácii a predaji tabakových výrobkov. Novela zákona o ochrane nefajčiarov na Slovensku.

Salvato in:
Dettagli Bibliografici
Autore principale: Gavorníková, Veronika
Natura: Capitolo di libro
Lingua:slovacco
Soggetti:
Tags: Aggiungi Tag
Nessun Tag, puoi essere il primo ad aggiungerne!!

MARC

LEADER 00000naa$a2200000$$$4500
001 0006729
005 20231107125137.4
041 0 |a slo 
044 |a SK 
245 1 0 |a Európa varuje fajčiarov.  |c aut. Veronika Gavorníková 
520 |a Európska smernica o výrobe, prezentácii a predaji tabakových výrobkov. Novela zákona o ochrane nefajčiarov na Slovensku. 
610 2 0 |a tabak 
610 2 0 |a výrobky tabakové 
610 2 0 |a spotreba 
610 2 0 |a smernice 
610 2 0 |a Európska únia 
610 2 0 |a zákony 
610 2 0 |a Slovensko 
100 1 |a Gavorníková, Veronika